| 000 | 01713nam a22003497a 4500 | ||
|---|---|---|---|
| 005 | 20200104041620.0 | ||
| 008 | 101207s2010 ck a bgr 00110 spa d | ||
| 020 | _a9789587062359 | ||
| 040 |
_aCO-BoIAVH _cCO-BoIAVH |
||
| 041 | _aspa | ||
| 044 | _ack | ||
| 082 | 0 | 4 |
_a918.61 _bE96e1 |
| 245 | 1 | 0 |
_aExpedición Colombia : _bfauna, flora y áreas protegidas de nuestro país / _cinvestigación y textos biodiversidad Instituto de Investigación de Recursos Biológicos "Alexander von Humboldt" ; investigación y textos Parques Nacionales Naturales de Colombia Ángela Echeverry Atehortúa, Clara Esperanza Osorio Dussán ; ilustraciones David Niño Medina ... [et al.]. |
| 260 | 3 |
_aBogotá _bCasa Editorial El Tiempo, _bGenfar, _c2010. |
|
| 300 |
_a351 p. : _bil., mapas ; _c31 cm. |
||
| 500 | _aIncluye índice. | ||
| 650 |
_aFlora _z Colombia. |
||
| 650 |
_aFauna _z Colombia. |
||
| 650 | 4 |
_aParques nacionales _z Colombia. |
|
| 651 | 4 |
_aAmazonas (Región, Colombia) _x Descripción. |
|
| 651 | 4 |
_aOrinoquía (Colombia) _x Descripción. |
|
| 651 | 4 |
_aPacífico (Colombia) _x Descripción. |
|
| 651 | 4 |
_aAndes (Región, Colombia) _x Descripción. |
|
| 651 | 4 |
_aCaribe (Región, Colombia) _x Descripción. |
|
| 700 | 1 |
_aCastillo Brieva, Andrés, _eed. |
|
| 700 | 1 | _aEcheverry Atehortúa, Ángela. | |
| 700 | 1 | _aOsorio Dussán, Clara Esperanza. | |
| 700 | 1 |
_aNiño Medina, David, _eil. |
|
| 710 | 2 | _aInstituto de Investigación de Recursos Biológicos Alexander von Humboldt. | |
| 710 | 2 | _aUnidad Administrativa Especial del Sistema de Parques Nacionales Naturales (Colombia) | |
| 942 |
_2ddc _cLIBRO _04 |
||
| 999 |
_c7677 _d7677 |
||